| 000 | 00000nam##2200000za#4500 |
| 001 | 9.697224 |
| 003 | CaOODSP |
| 005 | 20220125145842 |
| 007 | cr ||||||||||| |
| 008 | 150407|1965||||xxc|||||o f|0| 0 eng|d |
| 040 | |aCaOODSP|beng |
| 043 | |an-cn--- |
| 086 | 1 |aD61-31/1965E-PDF |
| 110 | 1 |aCanada. |bDepartment of National Defence. |
| 245 | 10|aCanadian naval operations in Korean waters 1950-1955 / |h[electronic resource]|cby Thor Thorgrimsson and E.C. Russell. The Naval Historical Section, Canadian Forces Headquarters. |
| 260 | |aOttawa - Ontario : |bNational Defence |c1965. |
| 300 | |a176p.|bgraphs, organization charts, references, photographs |
| 500 | |aIncorrect catalogue number (DB3-9265) recorded in this electronic publication. |
| 590 | |a13-03-Supp|b2013-02-11 |
| 690 | 07|aMilitary history|2gcpds |
| 856 | 40|ahttp://publications.gc.ca|qPDF|s17.75 MB|uhttps://publications.gc.ca/collections/collection_2013/dn-nd/D61-31-1965-eng.pdf |